The Spanish missions of Florida / (Record no. 1873)

MARC details
000 -LEADER
fixed length control field 01304cam a2200349 a 4500
001 - CONTROL NUMBER
control field 1873
003 - CONTROL NUMBER IDENTIFIER
control field FISKH
005 - DATE AND TIME OF LATEST TRANSACTION
control field 20231006111721.0
008 - FIXED-LENGTH DATA ELEMENTS--GENERAL INFORMATION
fixed length control field 090504s2010 nyu j b 001 0 eng
010 ## - LIBRARY OF CONGRESS CONTROL NUMBER
LC control number 2009018420
020 ## - INTERNATIONAL STANDARD BOOK NUMBER
International Standard Book Number 9780531205785 (hardcover)
020 ## - INTERNATIONAL STANDARD BOOK NUMBER
International Standard Book Number 9780531212417
040 ## - CATALOGING SOURCE
Original cataloging agency DLC
Transcribing agency DLC
Language of cataloging eng
Modifying agency DLC
050 00 - LIBRARY OF CONGRESS CALL NUMBER
Classification number F314.S893
Item number .S893 2010
082 ## - DEWEY DECIMAL CLASSIFICATION NUMBER
Classification number 975.9
100 1# - MAIN ENTRY--PERSONAL NAME
Personal name Suben, Eric.
245 14 - TITLE STATEMENT
Title The Spanish missions of Florida /
Statement of responsibility, etc. by Eric Suben.
260 ## - PUBLICATION, DISTRIBUTION, ETC.
Place of publication, distribution, etc. New York :
Name of publisher, distributor, etc. Scholastic,
Date of publication, distribution, etc. 2010.
300 ## - PHYSICAL DESCRIPTION
Extent 48 pages :
Other physical details map ; color illustrations ;
Dimensions 22 cm
490 0# - SERIES STATEMENT
Series statement A true book
505 0# - FORMATTED CONTENTS NOTE
Formatted contents note Z<br/>
520 ## - SUMMARY, ETC.
Summary, etc. Learn about Spanish Missions in Florida and what foods the Spanish introduced to Florida.
521 8# - TARGET AUDIENCE NOTE
Target audience note 910<br/>
Source Lexile<br/><br/>
521 8# - TARGET AUDIENCE NOTE
Target audience note Z<br/>
Source Raz-Plus<br/>
610 20 - SUBJECT ADDED ENTRY--CORPORATE NAME
Corporate name or jurisdiction name as entry element Franciscans
General subdivision Missions
Geographic subdivision Florida
General subdivision History
Form subdivision Juvenile literature.
650 #0 - SUBJECT ADDED ENTRY--TOPICAL TERM
Topical term or geographic name entry element Missions, Spanish
Geographic subdivision Florida
General subdivision History
Form subdivision Juvenile literature.
650 #0 - SUBJECT ADDED ENTRY--TOPICAL TERM
Topical term or geographic name entry element Indians of North America
General subdivision Missions
Geographic subdivision Florida
Form subdivision Juvenile literature.
651 #0 - SUBJECT ADDED ENTRY--GEOGRAPHIC NAME
Geographic name Florida
General subdivision History
Chronological subdivision Spanish colony, 1565-1763
Form subdivision Juvenile literature.
906 ## - LOCAL DATA ELEMENT F, LDF (RLIN)
a 7
b cbc
c orignew
d 1
e ecip
f 20
g y-gencatlg
942 ## - ADDED ENTRY ELEMENTS (KOHA)
Source of classification or shelving scheme Dewey Decimal Classification
Koha item type Books
Suppress in OPAC No
Holdings
Withdrawn status Lost status Source of classification or shelving scheme Damaged status Not for loan Collection Home library Current library Shelving location Date acquired Total Checkouts Full call number Barcode Date last seen Copy number Price effective from Koha item type
    Dewey Decimal Classification     Non-Fiction Footprints International School Library Network Toul Kork Campus Footprints International School Library Network Toul Kork Campus A TK Campus, 4th Floor, Room B401, Non-Fiction Bookcases(7-8) 10/06/2023   SUB 975.9 F314.S893 FISTK04790 10/06/2023 1 10/06/2023 Books
    Dewey Decimal Classification     Non-Fiction Footprints International School Library Network Toul Kork Campus Footprints International School Library Network Toul Kork Campus TTP Secondary Non-Fiction Bookshelves 10/06/2023   SUB 975.9 F314.S893 FISSE00794 11/28/2024 2 10/06/2023 Books